000 00297nam a22001337a 4500
005 20230818103851.0
008 230818b |||||||| |||| 00| 0 eng d
040 _aLoreto college
041 _aEnglish
082 _a954
_bJUD
245 _aMaking of modern India
850 _aLCLIB
942 _cBK
999 _c43511
_d93990